• 首页
  • 本馆介绍
  • 公告通知
  • 最新文献
  • 馆藏检索
  • 电子资源
  • 读者导购
  • 参考咨询
  • 我的图书馆
  • 登录
  • 详细信息显示
  • 放入我的书架
  • 预约/预借图书
  • 作者相关作品
  • 分类相关作品
  • 丛书相关作品
  • 出版社相关作品

书目信息

  • 表格格式
  • 工作单格式
  • 卡片格式
题名:
小艾上班记
    
 
作者: 陈艳红 著
分册: 9   备考2021
出版信息: 大连   东北财经大学出版社  2021.3
页数: 154页
开本: 24cm
丛书名:
单 册:
中图分类: F230-49 , F233-49
科图分类:
主题词: 会计学--hui ji xue--通俗读物 , 会计实务--hui ji shi wu--通俗读物
电子资源:
ISBN: 978-7-5654-4086-1
000 01016nam0 2200289 450
001 2131738235
005 20211003090629.06
010    @a978-7-5654-4086-1@dCNY29.00(全2册58.00)
100    @a20210604d2021 em y0chiy0120 ea
101 0  @achi
102    @aCN@b210000
105    @aa z 000yy
106    @ar
200 1  @a小艾上班记@Axiao ai shang ban ji@h9@i备考2021@i初级会计实务@h下@f陈艳红著
205    @a2版
210    @a大连@c东北财经大学出版社@d2021.3
215    @a154页@c图@d24cm
330    @a小说体式的初级会计职称备考图书(初级会计实务),融入四轮复习法,包含点、线、面、体。会计实操系列,它是以讲故事的形式进行会计专项训练,比如入门实操、纳税实操等
517 1  @a备考2021@Abei kao 2021
517 1  @a初级会计实务@Achu ji hui ji shi wu
606 0  @a会计学@Ahui ji xue@j通俗读物
606 0  @a会计实务@Ahui ji shi wu@j通俗读物
690    @aF230-49@v5
690    @aF233-49@v5
701  0 @a陈艳红@Achen yan hong@4著
801  0 @aCN@b百万庄@c20210929
905    @b1303466-69@dF230-49@e715:9(2)=2@f4
    
    小艾上班记.9.备考2021.初级会计实务.下/陈艳红著.-2版.-大连:东北财经大学出版社,2021.3
    154页:图;24cm
    
    
    ISBN 978-7-5654-4086-1:CNY29.00(全2册58.00)
    小说体式的初级会计职称备考图书(初级会计实务),融入四轮复习法,包含点、线、面、体。会计实操系列,它是以讲故事的形式进行会计专项训练,比如入门实操、纳税实操等
●
相关链接 在E读中查询图书 在五车中查询图书 在当当中查询图书 在豆瓣中查询图书


正题名:小艾上班记     索取号:F230-49/715:9(2)=2         预约/预借

序号 登录号 条形码 馆藏地/架位号 状态 备注
1 1303466   213034660   第一样本阅览室/ [索取号:F230-49/715:9(2)=2] 在馆    
2 1303467   213034679   第一借阅区/ [索取号:F230-49/715:9(2)=2] 在馆    
3 1303468   213034688   第一借阅区/ [索取号:F230-49/715:9(2)=2] 在馆    
4 1303469   213034697   第一借阅区/ [索取号:F230-49/715:9(2)=2] 在馆    
唐山师范学院图书馆 欢迎您!
大连网信软件有限公司© 版权所有